Scalarization methods in multicriteria optimization
Uložené v:
| Hlavný autor: | |
|---|---|
| Médium: | Kniha |
| Jazyk: | English |
| Vydavateľské údaje: |
Bratislava :
STU v Bratislave,
2009
|
| Vydanie: | 1. vyd. |
| Edícia: | Edícia vedeckých prác
zošit č. 69 |
| Tagy: |
Žiadne tagy, Buďte prvý, kto otaguje tento záznam!
|
MARC
| LEADER | 00000nam a22000003a 4500 | ||
|---|---|---|---|
| 001 | stu197469 | ||
| 005 | 20221212133758.3 | ||
| 008 | 091222s2009----xo------------------eng-d | ||
| 020 | |a 978-80-227-3120-1 | ||
| 040 | |a STU |b slo | ||
| 041 | 0 | |a eng | |
| 044 | |a xo | ||
| 100 | 1 | |a Šipošová, Alexandra, |d 1981- |4 aut |u V220 |9 100 |U SvF Stavebná fakulta |T SvF Katedra matematiky a deskriptívnej geometrie |X 10043 |U V220 |Y 23 |7 A000010043 | |
| 245 | 1 | |a Scalarization methods in multicriteria optimization | |
| 250 | |a 1. vyd. | ||
| 260 | |a Bratislava : |b STU v Bratislave, |c 2009 | ||
| 300 | |a 67 s. | ||
| 830 | 0 | |a Edícia vedeckých prác |v zošit č. 69 | |
| 996 | |b 284V033295 |c V*2454/DP-737 |l VVS |s P |a 0 |w stu197469_0001 | ||